000 00857nam a22002297a 4500
999 _c1180
_d1180
003 AR-CdUCM
008 190226b ||||| |||| 00| 0 spa d
040 _aMUNICIPALIDAD PROVINCIAL DEL CUSCO
_cBIBLIOTECA MUNICIPAL DEL CUSCO
082 _a370.11 /
_bL31
_23ed
100 _aLay, W. A.
_94626
245 _aManual de pedagogía /
260 _aBuenos Aires :
_bEditorial Losada, S.A.;
_c1947.
300 _a262 paginas ;
_c20 cm.
440 _aBiblioteca pedagógica
_n3
_94627
505 _aNaturaleza y problema de la educación -- Condición de la educación -- Las materias de enseñanza -- Organización de las escuelas -- Las formas de enseñanza ..
650 _aEnseñanza
_91616
650 _aEducación
_9460
650 _aEscolar
_94628
700 _aLuzurriaga, Lorenzo (traducción)
_94629
942 _2ddc
_cLIBROS
945 _arum
_d2019-02-26